Makerere University in transition 1993-2000 : (Record no. 6522)

MARC details
000 -LEADER
fixed length control field 01422cam a22003613a 4500
001 - CONTROL NUMBER
control field 13474261
003 - CONTROL NUMBER IDENTIFIER
control field OSt
005 - DATE AND TIME OF LATEST TRANSACTION
control field 20200129130951.0
008 - FIXED-LENGTH DATA ELEMENTS--GENERAL INFORMATION
fixed length control field 040130s2003 enk 000 0 eng
010 ## - LIBRARY OF CONGRESS CONTROL NUMBER
LC control number 2004351007
015 ## - NATIONAL BIBLIOGRAPHY NUMBER
National bibliography number GBA3-Y2255
020 ## - INTERNATIONAL STANDARD BOOK NUMBER
International Standard Book Number 0852554265
035 ## - SYSTEM CONTROL NUMBER
System control number (OCoLC)ocm51913467
040 ## - CATALOGING SOURCE
Original cataloging agency UKM
Transcribing agency UKM
Modifying agency DLC
082 04 - DEWEY DECIMAL CLASSIFICATION NUMBER
Classification number 378.6761
Edition number 21
Item number MUS 2003
100 1# - MAIN ENTRY--PERSONAL NAME
Personal name Musisi, Nakanyike B.
9 (RLIN) 13393
245 10 - TITLE STATEMENT
Title Makerere University in transition 1993-2000 :
Remainder of title opportunities & challenges /
Statement of responsibility, etc. Nakanyike B. Musisi, Nansozi K. Muwanga.
260 ## - PUBLICATION, DISTRIBUTION, ETC. (IMPRINT)
Place of publication, distribution, etc. Oxford :
Name of publisher, distributor, etc. James Currey,
Date of publication, distribution, etc. 2003.
300 ## - PHYSICAL DESCRIPTION
Extent 128 p. ;
Dimensions 22 cm.
440 #0 - SERIES STATEMENT/ADDED ENTRY--TITLE
Title Higher education in Africa
9 (RLIN) 13237
500 ## - GENERAL NOTE
General note Published in association with Partnership for Higher Education in Africa.
504 ## - BIBLIOGRAPHY, ETC. NOTE
Bibliography, etc Includes bibliographical references.
610 20 - SUBJECT ADDED ENTRY--CORPORATE NAME
Corporate name or jurisdiction name as entry element Makerere University.
9 (RLIN) 13394
610 20 - SUBJECT ADDED ENTRY--CORPORATE NAME
Corporate name or jurisdiction name as entry element Makerere University.
General subdivision Administration.
9 (RLIN) 13395
650 #0 - SUBJECT ADDED ENTRY--TOPICAL TERM
Topical term or geographic name as entry element Educational change
Geographic subdivision Uganda.
9 (RLIN) 13396
650 #0 - SUBJECT ADDED ENTRY--TOPICAL TERM
Topical term or geographic name as entry element Universities and colleges
Geographic subdivision Uganda.
9 (RLIN) 13397
650 #0 - SUBJECT ADDED ENTRY--TOPICAL TERM
Topical term or geographic name as entry element Education
General subdivision Political aspects
Geographic subdivision Uganda.
9 (RLIN) 13398
700 1# - ADDED ENTRY--PERSONAL NAME
Personal name Muwanga, Nansozi K.
9 (RLIN) 13399
710 2# - ADDED ENTRY--CORPORATE NAME
Corporate name or jurisdiction name as entry element Partnership for Higher Education in Africa.
9 (RLIN) 13243
906 ## - LOCAL DATA ELEMENT F, LDF (RLIN)
a 7
b cbc
c copycat
d 2
e ncip
f 20
g y-gencatlg
942 ## - ADDED ENTRY ELEMENTS (KOHA)
Source of classification or shelving scheme Dewey Decimal Classification
Koha item type Open Shelf
Holdings
Withdrawn status Lost status Source of classification or shelving scheme Damaged status Not for loan Home library Current library Date acquired Source of acquisition Inventory number Total Checkouts Full call number Barcode Date last seen Price effective from Koha item type
    Dewey Decimal Classification     MUST Main Library MUST Main Library 29/01/2020 Donation 2004/22039   378.6761 MUS 2003 2020-0221 29/01/2020 29/01/2020 Open Shelf
    Dewey Decimal Classification     MUST Main Library MUST Main Library 11/06/2024 Donation 2004/22041   378.6761 MUS 2003 2024-20235 11/06/2024 11/06/2024 Open Shelf
    Dewey Decimal Classification     MUST Main Library MUST Main Library 25/06/2024 Donation 04/22037   378.6761 MUS 2003 2024-21252 25/06/2024 25/06/2024 Open Shelf
    Dewey Decimal Classification     MUST Main Library MUST Main Library 25/06/2024 Donation 04/22038   378.6761 MUS 2003 2024-21253 25/06/2024 25/06/2024 Open Shelf